[Event "Vlissingen HZ op 26th"]
[White "Karacsonyi, Gellert"]
[Black "Timmermans, Ivo"]
[Site "Vlissingen"]
[Round "5"]
[Result "1-0"]
[Date "2024.08.06"]
[WhiteElo "2395"]
[BlackElo "2143"]
[PlyCount "77"]
[EventDate "2024.08.03"]
[EventType "swiss"]
[EventRounds "9"]
[EventCountry "NED"]
[SourceTitle "CBM 221 Extra"]
[Source "ChessBase"]
[SourceDate "2024.09.30"]
[SourceVersion "1"]
[SourceVersionDate "2024.09.30"]
[SourceQuality "1"]

1. e4 e5 2. Nf3 Nc6 3. d4 exd4 4. Bc4 Bc5 5. Ng5 Nh6 6. Nxf7 Nxf7 7. Bxf7+ Kxf7 8. Qh5+ g6 9. Qxc5 d6 10. Qc4+ Kg7 11. 0-0 Re8 12. Nd2 Be6 13. Qe2 d5 14. f3 Qd6 15. Qf2 Qc5 16. Nb3 Qb6 17. Bf4 Rad8 18. e5 Rd7 19. Rfe1 d3 20. cxd3 Qxf2+ 21. Kxf2 Nb4 22. Red1 Bf5 23. Nc5 Rf7 24. Bd2 Nc6 25. d4 b6 26. Nb3 a5 27. Rdc1 Nd8 28. Be3 Bd3 29. Rc3 Bc4 30. Nd2 Bb5 31. a4 Ba6 32. h4 Ne6 33. Nb3 Bc4 34. Rac1 c5 35. Rd1 Rc7 36. dxc5 Bxb3 37. Rxb3 d4 38. Bxd4 bxc5 39. Bc3 1-0

[Event "Vlissingen HZ op 26th"]
[White "Timmermans, Ivo"]
[Black "Lind, Jacco"]
[Site "Vlissingen"]
[Round "4"]
[Result "1-0"]
[Date "2024.08.05"]
[WhiteElo "2143"]
[BlackElo "1983"]
[PlyCount "35"]
[EventDate "2024.08.03"]
[EventType "swiss"]
[EventRounds "9"]
[EventCountry "NED"]
[SourceTitle "CBM 221 Extra"]
[Source "ChessBase"]
[SourceDate "2024.09.30"]
[SourceVersion "1"]
[SourceVersionDate "2024.09.30"]
[SourceQuality "1"]

1. c4 c5 2. Nf3 Nf6 3. g3 g6 4. Bg2 Bg7 5. 0-0 0-0 6. Nc3 d6 7. d4 cxd4 8. Nxd4 Qc7 9. b3 a6 10. Bb2 Nc6 11. Rc1 Qb6 12. c5 dxc5 13. Na4 Qc7 14. Nxc6 bxc6 15. Rxc5 Rd8 16. Rxc6 Rxd1 17. Rxc7 Rxf1+ 18. Kxf1 1-0

[Event "Guernsey op 43rd"]
[White "Le Roux, Jean Pierre"]
[Black "Timmermans, Ivo"]
[Site "Vale"]
[Round "3"]
[Result "1-0"]
[Date "2017.10.17"]
[WhiteElo "2554"]
[BlackElo "2126"]
[PlyCount "111"]
[EventDate "2017.10.15"]
[EventType "swiss"]
[EventRounds "7"]
[EventCountry "GCI"]
[SourceTitle "CBM 181 Extra"]
[Source "ChessBase"]
[SourceDate "2017.12.12"]
[SourceVersion "1"]
[SourceVersionDate "2017.12.12"]
[SourceQuality "1"]

1. e4 e5 2. Bc4 Nf6 3. d3 Nc6 4. Nf3 Bc5 5. c3 a6 6. Nbd2 d6 7. Bb3 Ba7 8. Nf1 Ne7 9. Ng3 h6 10. d4 exd4 11. cxd4 d5 12. e5 Ne4 13. Bc2 Nxg3 14. hxg3 c5 15. dxc5 Bxc5 16. 0-0 Bg4 17. b4 Ba7 18. Bb2 0-0 19. Qd2 Qd7 20. Nh4 Rac8 21. Rac1 Rfd8 22. Rfe1 Nf5 23. Bxf5 Bxf5 24. Bd4 Bxd4 25. Qxd4 Bc2 26. Nf3 Rc4 27. Qd2 Qa4 28. e6 fxe6 29. Nd4 Bg6 30. Nxe6 Rxc1 31. Rxc1 Re8 32. Nc7 Rd8 33. Ne6 Re8 34. Nf4 Bf7 35. Rc7 d4 36. Qxd4 Qxa2 37. Kh2 Qb1 38. Qd7 Qb3 39. Qd4 Qb1 40. Qd7 Qb3 41. Rxb7 Qc4 42. Rc7 Qb3 43. f3 Qa2 44. Qg4 Qa1 45. Qf5 Qa2 46. g4 Qb3 47. Ng6 Qe6 48. Qxe6 Bxe6 49. Rb7 Bf7 50. Ne7+ Kf8 51. Nf5 Bd5 52. Rxg7 Re5 53. Rg6 h5 54. Rf6+ Kg8 55. gxh5 Be6 56. g4 1-0

[Event "Vlissingen HZ op 21st"]
[White "Timmermans, Ivo"]
[Black "Hng, Mei Xian Eunice"]
[Site "Vlissingen"]
[Round "9"]
[Result "1-0"]
[Date "2017.08.12"]
[WhiteElo "2115"]
[BlackElo "1516"]
[PlyCount "93"]
[EventDate "2017.08.05"]
[EventType "swiss"]
[EventRounds "9"]
[EventCountry "NED"]
[SourceTitle "CBM 179 Extra"]
[Source "ChessBase"]
[SourceDate "2017.08.23"]
[SourceVersion "1"]
[SourceVersionDate "2017.08.23"]
[SourceQuality "1"]

1. e4 c5 2. Nf3 e6 3. d4 cxd4 4. Nxd4 a6 5. Be2 Qc7 6. Be3 b5 7. a4 b4 8. 0-0 Bb7 9. Qd3 Nf6 10. Nd2 d5 11. Bf3 Nbd7 12. exd5 Nxd5 13. N2b3 Bd6 14. h3 Ne5 15. Qe2 Nxf3+ 16. Nxf3 Nxe3 17. fxe3 Bd5 18. Rfd1 Bxb3 19. cxb3 0-0 20. Rac1 Bc5 21. Kh1 h6 22. Nd2 Qe7 23. Nc4 Ba7 24. Rd3 Rad8 25. Rcd1 Qc7 26. Kg1 Rxd3 27. Rxd3 Bb8 28. Qf3 Qh2+ 29. Kf2 Qc7 30. Rd6 a5 31. Qc6 Qe7 32. Rd7 Qh4+ 33. Ke2 Qh5+ 34. Qf3 Qg5 35. Rb7 Qg6 36. e4 f5 37. e5 Qg5 38. Kf2 Qh4+ 39. Qg3 Qd4+ 40. Qe3 Qd1 41. Qb6 Qc2+ 42. Ke1 Qe4+ 43. Kf2 Bxe5 44. Qxe6+ Kh8 45. Nxe5 Qd4+ 46. Kg3 Rf6 47. Rb8+ 1-0

[Event "Vlissingen HZ op 21st"]
[White "Timmermans, Ivo"]
[Black "Maas, Joop"]
[Site "Vlissingen"]
[Round "3"]
[Result "1-0"]
[Date "2017.08.06"]
[WhiteElo "2115"]
[BlackElo "1920"]
[PlyCount "77"]
[EventDate "2017.08.05"]
[EventType "swiss"]
[EventRounds "9"]
[EventCountry "NED"]
[SourceTitle "CBM 179 Extra"]
[Source "ChessBase"]
[SourceDate "2017.08.23"]
[SourceVersion "1"]
[SourceVersionDate "2017.08.23"]
[SourceQuality "1"]

1. e4 c6 2. d4 d5 3. f3 dxe4 4. fxe4 e5 5. Nf3 Be6 6. c3 Nd7 7. Bd3 Be7 8. 0-0 Bf6 9. Be3 Ne7 10. Nbd2 0-0 11. Qc2 Ng6 12. Rae1 Nb6 13. Kh1 Qc7 14. Ng5 Rae8 15. Nxe6 Rxe6 16. Nf3 Ree8 17. Qf2 Nd7 18. Bc2 a5 19. Rd1 Rc8 20. h3 c5 21. d5 c4 22. Ba4 Qd6 23. Nd2 Rc7 24. Bb5 Rfc8 25. a4 Ngf8 26. Qe2 Nb6 27. Bxb6 Qxb6 28. Nxc4 Qa7 29. Nd6 Rd8 30. Ne8 Rcc8 31. Nxf6+ gxf6 32. Qg4+ Ng6 33. Rxf6 Qc5 34. h4 Kf8 35. Rdf1 Rc7 36. Qe6 Nf4 37. Qxe5 Ng6 38. Qe6 Nh8 39. d6 1-0

[Event "Trieste op 17th"]
[White "Timmermans, Ivo"]
[Black "Loiacono, Antonio"]
[Site "Trieste"]
[Round "3"]
[Result "1-0"]
[Date "2015.08.30"]
[WhiteElo "2183"]
[BlackElo "1843"]
[PlyCount "111"]
[EventDate "2015.08.29"]
[EventType "swiss"]
[EventRounds "9"]
[EventCountry "ITA"]
[SourceTitle "EXT 2016"]
[Source "ChessBase"]
[SourceDate "2015.10.08"]
[SourceVersion "1"]
[SourceVersionDate "2015.10.08"]
[SourceQuality "1"]

1. d4 Nf6 2. c4 g6 3. Nc3 Bg7 4. e4 d6 5. Bd3 0-0 6. Nge2 e5 7. d5 Nbd7 8. 0-0 Nc5 9. Bc2 a5 10. b3 Ne8 11. Be3 Na6 12. Qd2 f5 13. exf5 Bxf5 14. Bxf5 gxf5 15. f4 Qd7 16. Ng3 e4 17. Rad1 Nf6 18. Nb5 Nc5 19. h3 Kh8 20. Nd4 Ng8 21. Qe2 Ne7 22. Kh2 b6 23. Qh5 Qe8 24. Nb5 Rc8 25. Qxe8 Rfxe8 26. Ne2 Kg8 27. g4 Kf7 28. Ned4 Bxd4 29. Nxd4 Kf6 30. Rg1 Rg8 31. Nb5 Kf7 32. Rg3 Na6 33. Nd4 Nc5 34. Rdg1 fxg4 35. hxg4 Ng6 36. Rh3 Nf8 37. Nf5 Ke8 38. Bxc5 bxc5 39. Re3 Kd7 40. Rxe4 Ng6 41. Rge1 Rce8 42. Rxe8 Rxe8 43. Rxe8 Kxe8 44. Kg3 Kd7 45. Nh4 Nf8 46. f5 h6 47. Ng2 Nh7 48. Nf4 Nf6 49. Kh4 c6 50. g5 hxg5+ 51. Kxg5 Ne4+ 52. Kg6 cxd5 53. Nxd5 Ke8 54. Nf6+ Nxf6 55. Kxf6 a4 56. Ke6 1-0

[Event "Trieste op 17th"]
[White "Timmermans, Ivo"]
[Black "Baklan, Vladimir"]
[Site "Trieste"]
[Round "1"]
[Result "0-1"]
[Date "2015.08.29"]
[WhiteElo "2183"]
[BlackElo "2608"]
[PlyCount "76"]
[EventDate "2015.08.29"]
[EventType "swiss"]
[EventRounds "9"]
[EventCountry "ITA"]
[SourceTitle "EXT 2016"]
[Source "ChessBase"]
[SourceDate "2015.10.08"]
[SourceVersion "1"]
[SourceVersionDate "2015.10.08"]
[SourceQuality "1"]

1. e4 c5 2. Nf3 d6 3. d4 cxd4 4. Nxd4 Nf6 5. Nc3 Nc6 6. Bg5 e6 7. Qd2 a6 8. 0-0-0 Bd7 9. f3 Be7 10. Be3 h5 11. Kb1 Qc7 12. Bd3 Ne5 13. Rhe1 b5 14. f4 b4 15. Nce2 Nc4 16. Bxc4 Qxc4 17. e5 Ne4 18. Qd3 Qxd3 19. cxd3 Nc5 20. Ng1 dxe5 21. fxe5 0-0 22. Ngf3 Rfd8 23. Rd2 Be8 24. Rc1 Rd5 25. Ne2 Nxd3 26. Rcd1 Ba4 27. b3 Bb5 28. Bd4 Nc5 29. Nf4 Rdd8 30. Bxc5 Rxd2 31. Rxd2 Bxc5 32. Nxh5 Be3 33. Rd1 Rc8 34. Ng3 Rc3 35. Ne1 Bf4 36. Ne4 Re3 37. Nd6 Be2 38. Rc1 Bh5 0-1

[Event "Vlissingen HZ op 19th"]
[White "De Boer, Eelke"]
[Black "Timmermans, Ivo"]
[Site "Vlissingen"]
[Round "8"]
[Result "0-1"]
[Date "2015.08.07"]
[WhiteElo "1976"]
[BlackElo "2183"]
[PlyCount "82"]
[EventDate "2015.08.01"]
[EventType "swiss"]
[EventRounds "9"]
[EventCountry "NED"]
[SourceTitle "CBM 167 Extra"]
[Source "ChessBase"]
[SourceDate "2015.09.14"]
[SourceVersion "1"]
[SourceVersionDate "2015.09.14"]
[SourceQuality "1"]

1. e4 e5 2. Nf3 Nc6 3. d4 exd4 4. Bc4 Nf6 5. 0-0 Nxe4 6. Re1 d5 7. Bxd5 Qxd5 8. Nc3 Qh5 9. Nxe4 Be6 10. Bg5 h6 11. Bf6 Qg6 12. Nh4 Qg4 13. Qxg4 Bxg4 14. Nf3 Bxf3 15. gxf3 Kd7 16. Bxd4 Nxd4 17. Rad1 c5 18. c3 f5 19. Ng3 g6 20. cxd4 c4 21. b3 cxb3 22. axb3 Bd6 23. Nf1 Rac8 24. Rc1 Rxc1 25. Rxc1 Rc8 26. Rxc8 Kxc8 27. Ne3 Kd7 28. h3 Kc6 29. Kf1 Bf4 30. Nc2 Kd5 31. Ke2 h5 32. Kd3 g5 33. Ne1 h4 34. Ng2 a5 35. Kc3 b5 36. Ne1 g4 37. fxg4 fxg4 38. Nd3 Ke4 39. d5 gxh3 40. f3+ Kxf3 41. Nxf4 Kxf4 0-1

[Event "Vlissingen HZ op 19th"]
[White "Timmermans, Ivo"]
[Black "Ten Hertog, Hugo"]
[Site "Vlissingen"]
[Round "3"]
[Result "0-1"]
[Date "2015.08.02"]
[WhiteElo "2183"]
[BlackElo "2383"]
[PlyCount "54"]
[EventDate "2015.08.01"]
[EventType "swiss"]
[EventRounds "9"]
[EventCountry "NED"]
[SourceTitle "CBM 167 Extra"]
[Source "ChessBase"]
[SourceDate "2015.09.14"]
[SourceVersion "1"]
[SourceVersionDate "2015.09.14"]
[SourceQuality "1"]

1. e4 g6 2. d4 Bg7 3. Nc3 d6 4. f4 Nf6 5. Bd3 0-0 6. Nf3 Nc6 7. e5 dxe5 8. fxe5 Nh5 9. Be3 Bg4 10. Be2 f6 11. exf6 exf6 12. Qd2 Ne7 13. Ng5 Qd7 14. Nge4 Bxe2 15. Qxe2 Rae8 16. 0-0-0 Nd5 17. Qc4 c6 18. Rhe1 f5 19. Nc5 Qf7 20. Nxd5 cxd5 21. Qb3 f4 22. Bf2 Nf6 23. Qxb7 Qxb7 24. Nxb7 Ne4 25. Bg1 Bh6 26. Rd3 f3+ 27. Be3 Nf2 0-1

[Event "Hoogeveen Unive op 16th"]
[White "Haver, Bas"]
[Black "Timmermans, Ivo"]
[Site "Hoogeveen"]
[Round "4"]
[Result "0-1"]
[Date "2012.10.22"]
[WhiteElo "2044"]
[BlackElo "2254"]
[PlyCount "68"]
[EventDate "2012.10.19"]
[EventType "swiss"]
[EventRounds "9"]
[EventCountry "NED"]
[SourceTitle "EXT 2013"]
[Source "ChessBase"]
[SourceDate "2012.11.22"]
[SourceVersion "1"]
[SourceVersionDate "2012.11.22"]
[SourceQuality "1"]

1. e4 e5 2. Nf3 Nc6 3. Bb5 Nf6 4. 0-0 Nxe4 5. d4 Nd6 6. Bxc6 dxc6 7. dxe5 Nf5 8. Qe2 Nd4 9. Nxd4 Qxd4 10. Rd1 Bg4 11. Rxd4 Bxe2 12. Nc3 Bh5 13. Be3 Bg6 14. Rd2 Rd8 15. Rxd8+ Kxd8 16. Rc1 Bb4 17. Na4 Re8 18. a3 Bf8 19. Bd4 b6 20. c4 c5 21. Bc3 Kd7 22. b3 Ke6 23. Nb2 Rd8 24. Kf1 Be7 25. f4 h5 26. Ke2 Bf5 27. g3 g5 28. Kf2 gxf4 29. gxf4 Rg8 30. Nd1 Bh4+ 31. Ke3 Rg2 32. Bd2 Rxh2 33. Nc3 Rh3+ 34. Ke2 Bd3+ 0-1

[Event "Hoogeveen Unive op 16th"]
[White "Timmermans, Ivo"]
[Black "Willemze, Thomas"]
[Site "Hoogeveen"]
[Round "3"]
[Result "0-1"]
[Date "2012.10.21"]
[WhiteElo "2254"]
[BlackElo "2377"]
[PlyCount "66"]
[EventDate "2012.10.19"]
[EventType "swiss"]
[EventRounds "9"]
[EventCountry "NED"]
[SourceTitle "EXT 2013"]
[Source "ChessBase"]
[SourceDate "2012.11.22"]
[SourceVersion "1"]
[SourceVersionDate "2012.11.22"]
[SourceQuality "1"]

1. d4 Nf6 2. c4 c5 3. d5 b5 4. Nf3 e6 5. Bg5 exd5 6. cxd5 d6 7. e4 a6 8. Bd3 Be7 9. 0-0 0-0 10. a4 bxa4 11. Qd2 Bg4 12. e5 dxe5 13. Nxe5 Bh5 14. Bxf6 Bxf6 15. f4 Re8 16. Nc3 Bxe5 17. fxe5 Rxe5 18. Rxa4 Nd7 19. Qf2 Nf6 20. Qxc5 Nxd5 21. Ra5 Rc8 22. Qd4 Qxa5 23. Qxe5 Qc5+ 24. Kh1 Nxc3 25. Qxc5 Rxc5 26. bxc3 a5 27. Rb1 g5 28. Rb3 a4 29. Ra3 Bd1 30. Kg1 Bb3 31. c4 Rc6 32. Bf1 Kf8 33. Kf2 Bxc4 0-1

[Event "Hoogeveen Unive op 15th"]
[White "Timmermans, Ivo"]
[Black "Sekandar, Kambiz"]
[Site "Hoogeveen"]
[Round "7"]
[Result "1-0"]
[Date "2011.10.20"]
[WhiteElo "2247"]
[BlackElo "1922"]
[PlyCount "127"]
[EventDate "2011.10.14"]
[EventType "swiss"]
[EventRounds "9"]
[EventCountry "NED"]
[SourceTitle "CBM 144 Extra"]
[Source "ChessBase"]
[SourceDate "2011.10.28"]
[SourceVersion "1"]
[SourceVersionDate "2011.10.28"]
[SourceQuality "1"]

1. e4 c6 2. d4 d5 3. e5 Bf5 4. c3 e6 5. Be3 Qb6 6. Qb3 Nd7 7. Nd2 f6 8. f4 Be7 9. Ngf3 Nh6 10. h3 Bg6 11. g4 fxe5 12. fxe5 0-0 13. Be2 Qc7 14. c4 b5 15. c5 Qd8 16. 0-0 Rf7 17. a4 a6 18. Qc3 Rf8 19. Ra3 Nf7 20. Rfa1 Rc8 21. axb5 axb5 22. Ra7 h5 23. Rb7 hxg4 24. hxg4 Rb8 25. Rxb8 Nxb8 26. Qa5 Nh6 27. Qxd8 Bxd8 28. Ng5 Re8 29. Ra8 Bc7 30. Ra7 Bd8 31. Nb3 Nf7 32. Nh3 Be4 33. Bd2 Re7 34. Ra8 Rb7 35. Ba5 Bc2 36. Bxd8 Bxb3 37. Bc7 Rxc7 38. Rxb8+ Kh7 39. Bd3+ g6 40. Nf4 Nh8 41. Ra8 Bc4 42. Bc2 Rf7 43. Nxe6 Rf1+ 44. Kg2 Rc1 45. Ra7+ Kh6 46. g5+ Kh5 47. Kg3 Rg1+ 48. Kf2 Rc1 49. Kf3 Nf7 50. Nf4+ Kxg5 51. Rxf7 Rxc2 52. Rf6 Rxb2 53. Rxg6+ Kf5 54. Rf6+ Kg5 55. Ne6+ Kh5 56. Nd8 Rb1 57. e6 Rf1+ 58. Ke3 Re1+ 59. Kd2 Re2+ 60. Kc3 Kg5 61. Rf3 Re4 62. Nf7+ Kh5 63. Ne5 Be2 64. e7 1-0